File structures for on-line systems /

Guardado en:
Autor Principal: Lefkovitz, David, 1936-
Formato: Libro
Idioma:English
Publicado: [New York] : Spartan Books, c1969.
Materias:
Etiquetas: Agregar Etiqueta
Sin Etiquetas, Sea el primero en etiquetar este registro!
LEADER 00618cam a22001935a 4500
001 MAT.inmabb002435
008 690415s1969####nyua#####b####001#0#eng#d
005 20160608155740.0
245 1 0 |a File structures for on-line systems /  |c David Lefkovitz. 
260 |a [New York] :  |b Spartan Books,  |c c1969. 
300 |a 215 p. :  |b il. ;  |c 24 cm. 
504 |a Bibliografía: p. 211. 
020 |a 0810459434 
100 1 |a Lefkovitz, David,  |d 1936- 
650 0 |a Online data processing. 
650 0 |a Information storage and retrieval systems. 
084 |a 68P20  |2 msc2000 
010 |a  68026073  
859 |h 68  |i L493  |p A-4114  |b BIB. MATEMATICA